000 00431nam a2200121Ia 4500
008 160712s9999 xx 000 0 und d
100 _aAngeles, Mark.
245 _cMark Angeles
_aDe-Kahong Pag-Ibig, De-Kahoy na Himagsik
260 _c2013
_bLikhaan: The Journal of Contemporary Philippine Literature
300 _avol. 7
650 _xFICTION/NONFICTION
856 _uhttp://journals.upd.edu.ph/index.php/lik/issue/view/537/showToc
999 _c297278
_d297278